| 000 | 00000nam##2200000za#4500 |
| 001 | 9.698478 |
| 003 | CaOODSP |
| 005 | 20220901140053 |
| 007 | cr ||||||||||| |
| 008 | 150407|2005||||xxc|||||o f|0| 0 eng|d |
| 040 | |aCaOODSP|beng |
| 043 | |an-cn--- |
| 086 | 1 |aJ4-27/2005E-PDF |
| 110 | 1 |aCanada.|bJustice Canada. |
| 245 | 14|aThe impact of the Youth Criminal Justice Act on police charging practices with young persons : |h[electronic resource]|ba preliminary statistical assessment / |c[by] Peter J. Carrington and Jennifer L. Schulenberg. |
| 260 | |aOttawa - Ontario : |bJustice Canada |cc2005. |
| 300 | |a89p.|bfigs., references, tables |
| 590 | |a13-22-Supp|b2013-09-26 |
| 690 | 07|aPolice services|2gcpds |
| 690 | 07|aYoung offenders|2gcpds |
| 775 | 08|tL'incidence de la Loi sur le système de justice pénale pour les adolescents sur les pratiques policières de mise en accusation des jeunes : |w(CaOODSP)9.642485 |
| 856 | 40|ahttp://publications.gc.ca|qPDF|s607 KB|uhttps://publications.gc.ca/collections/collection_2013/jus/J4-27-2005-eng.pdf |